LEADER 00992nam0-2200325---450- 001 990009577520403321 005 20120522120501.0 010 $a978-88-07-72282-0 035 $a000957752 035 $aFED01000957752 035 $a(Aleph)000957752FED01 035 $a000957752 100 $a20120522d2011----km-y0itay50------ba 101 0 $aita 102 $aIT 105 $aa-------001yy 200 1 $a<>ragioni di un decennio$e1969-1979$emilitanza, violenza, sconfitta, memoria$fGiovanni De Luna 210 $aMilano$cFeltrinelli$d2011 215 $a253 p.$c[8] carte di tav. : ill.$d20 cm 225 1 $aUniversale economica$v2282 610 0 $aContestazione$aItalia$a1969-1979 676 $a945.0927$v22$zita 700 1$aDe Luna,$bGiovanni$f<1943- >$0142943 801 0$aIT$bUNINA$gREICAT$2UNIMARC 901 $aBK 912 $a990009577520403321 952 $aCollez. 87 (2282)$b48730$fFSPBC 959 $aFSPBC 996 $aRagioni di un decennio$9846766 997 $aUNINA LEADER 01016nam0 2200289 i 450 001 SUN0006043 005 20120424102406.782 010 $a88-8252-057-9 020 $aIT$b96 9535 100 $a20020814d1995 |0itac50 ba 101 $aita 102 $aIT 105 $a|||| ||||| 200 1 $aElogio della monarchia$fDomenico Fisichella 210 $aFirenze$cVallecchi$d[1995] 215 $a87 p.$d19 cm. 606 $aMonarchia$2FI$3SUNC003705 620 $dFirenze$3SUNL000014 676 $a321.87$v21 700 1$aFisichella$b, Domenico$3SUNV005224$0122061 712 $aVallecchi$3SUNV000890$4650 801 $aIT$bSOL$c20181109$gRICA 912 $aSUN0006043 950 $aUFFICIO DI BIBLIOTECA DEL DIPARTIMENTO DI GIURISPRUDENZA$d00 CONS VIII.Eb.15 $e00 11132 995 $aUFFICIO DI BIBLIOTECA DEL DIPARTIMENTO DI GIURISPRUDENZA$h11132$kCONS VIII.Eb.15$op$qa 996 $aElogio della monarchia$91438863 997 $aUNICAMPANIA